LEADER 01289nam0 22003493i 450 001 PAL0086315 005 20231121125603.0 020 $aIT$b693765 100 $a20041104d1968 ||||0itac50 ba 101 | $aita 102 $ait 181 1$6z01$ai $bxxxe 182 1$6z01$an 200 1 $aStudi sul teatro$fG. De Sanctis 210 $aRavenna$cA. Longo$d1968 215 $a275 p.$d22 cm. 225 | $a˜Il œportico$v19 410 0$1001CSA0067246$12001 $a˜Il œportico$v19 606 $aLetteratura drammatica$xSaggi$2FIR$3RMLC249017$9I 606 $aTeatro$xSaggi$2FIR$3RMLC245416$9I 676 $a808.2$9$v21 700 1$aDe Sanctis$b, Giovanni Battista$3CFIV084146$4070$0200404 801 3$aIT$bIT-01$c20041104 850 $aIT-RM0290 $aIT-FR0084 $aIT-FR0017 899 $aBIBLIOTECA ANGELICA$bRM0290 899 $aBiblioteca Del Monumento Nazionale Di Montecassino$bFR0084 899 $aBiblioteca umanistica Giorgio Aprea$bFR0017 $eN 912 $aPAL0086315 950 0$aBiblioteca umanistica Giorgio Aprea$d 52MAG 5/1243$e 52MAG0000030815 VMN RS $fA $h20170327$i20170327 977 $a 06$a 25$a 52 996 $aStudi sul teatro$9134255 997 $aUNICAS LEADER 03421nam 2200733 a 450 001 9910789924903321 005 20230929083508.0 010 $a1-118-21893-0 010 $a1-280-67472-5 010 $a9786613651655 010 $a1-118-21891-4 035 $a(CKB)2670000000175265 035 $a(EBL)821727 035 $a(OCoLC)785811558 035 $a(SSID)ssj0000636246 035 $a(PQKBManifestationID)12273830 035 $a(PQKBTitleCode)TC0000636246 035 $a(PQKBWorkID)10660047 035 $a(PQKB)11091383 035 $a(SSID)ssj0000877517 035 $a(PQKBManifestationID)12410818 035 $a(PQKBTitleCode)TC0000877517 035 $a(PQKBWorkID)10811055 035 $a(PQKB)11386444 035 $a(MiAaPQ)EBC821727 035 $a(DLC) 2012004582 035 $a(Au-PeEL)EBL821727 035 $a(CaPaEBR)ebr10558099 035 $a(CaONFJC)MIL365165 035 $a(EXLCZ)992670000000175265 100 $a20120201d2012 uy 0 101 0 $aeng 135 $aurcn||||||||| 181 $ctxt 182 $cc 183 $acr 200 14$aThe handbook of transformative learning$b[electronic resource] $etheory, research, and practice /$fEdward W. Taylor, Patricia Cranton, and associates 205 $a1st ed. 210 $aSan Francisco $cJossey-Bass$d2012 215 $a1 online resource (616 p.) 225 1 $aJossey-Bass higher and adult education series 300 $aDescription based upon print version of record. 311 $a0-470-59072-6 320 $aIncludes bibliographical references and indexes. 327 $apt. 1. Setting the context -- pt. 2. Exploring the theory of transformative learning : diverse perspectives -- pt. 3. Transformative learning : culture, positionality, and international perspectives -- pt. 4. Transformative learning : central concepts and settings -- pt. 5. Fostering transformative learning : practices and ethics -- pt. 6. Reflecting on the future of transformative learning. 330 $a"The Handbook of Transformative Learning provides a comprehensive and critical review of more than three decades of theory development, research, and practice in Transformative Learning (TL). It will help adult educators understand what transformative learning is, distinguish it from other forms of learning, and foster it in their practice. The book covers five broad areas: historical, theoretical, practical, research, and future perspective. It is comprehensive, interdisciplinary, critical, reflective, and accessible to a wide audience of interested scholars, students, and practitioners. Co-edited by leading experts in the field with an advisory group of prominent authorities, this handbook is the leading resource for the field"--$cProvided by publisher. 410 0$aJossey-Bass higher and adult education series. 606 $aTransformative learning 606 $aAdult learning 606 $aAdult education 615 0$aTransformative learning. 615 0$aAdult learning. 615 0$aAdult education. 676 $a370.11/5 686 $aEDU002000$2bisacsh 700 $aTaylor$b Edward W$g(Edward Woodbury),$f1952-$01559195 701 $aCranton$b Patricia$01510344 801 0$bMiAaPQ 801 1$bMiAaPQ 801 2$bMiAaPQ 906 $aBOOK 912 $a9910789924903321 996 $aThe handbook of transformative learning$93824117 997 $aUNINA LEADER 00921nam0 22002651i 450 001 UON00104579 005 20231205102608.963 100 $a20020107d1947 |0itac50 ba 101 $achi 102 $aCN 105 $a|||| 1|||| 200 1 $aLao She wenji 210 $aShanghai$cChunmin shudian$d1947 215 $a1 v.$d23 cm 606 $aLETTERATURA CINESE$xANTOLOGIE$3UONC017555$2FI 620 $aCN$dShanghai$3UONL000143 686 $aT.C.C$cTesti cinesi - Letteratura$2A 700 0$aLao She$3UONV000695$0636791 712 $aChunmin Shudian$3UONV264385$4650 801 $aIT$bSOL$c20240220$gRICA 899 $aSIBA - SISTEMA BIBLIOTECARIO DI ATENEO$2UONSI 912 $aUON00104579 950 $aSIBA - SISTEMA BIBLIOTECARIO DI ATENEO$dSI T.C. C 024 $eSI MR 31072 5 024 996 $aLao She wenji$91312246 997 $aUNIOR